[Event "Gibraltar Amateurs B"]
[Site "Gibraltar"]
[Date "2019.01.28"]
[Round "3.3"]
[White "Mircov, Nicola-Alexandar"]
[Black "Valladolid Martin, Fco. Jose"]
[Result "0-1"]
[WhiteElo "1797"]
[BlackElo "1878"]
[PlyCount "122"]
[EventDate "2019.01.26"]
[EventType "swiss"]
[EventRounds "5"]
[EventCountry "GGB"]

1. e4 e5 2. Nf3 Nc6 3. Bc4 Bc5 4. c3 Nf6 5. d4 exd4 6. e5 d5 7. Bb5 Ne4 8. cxd4
Bb6 9. Be3 O-O 10. Nc3 Ba5 11. Qb3 f6 12. O-O-O Bxc3 13. bxc3 Na5 14. Qc2 Qe7
15. Kb1 Bf5 16. Bd3 Qa3 17. Ka1 fxe5 18. Nh4 Qxc3+ 19. Qxc3 Nxc3 20. Bxf5 Nxd1
21. Be6+ Kh8 22. Rxd1 c6 23. dxe5 Rae8 24. Bc5 Rf4 25. Bd7 Rxe5 26. Bd6 Nc4 27.
Bxe5 Nxe5 28. g3 Rxf2 29. Bc8 g6 30. h3 Kg7 31. g4 Kf6 32. Bxb7 Kg5 33. Re1 Nd3
34. Rd1 Nb4 35. Nxg6 hxg6 36. Kb1 Nxa2 37. h4+ Kxh4 38. Rh1+ Kxg4 39. Bxc6 Nc3+
40. Kc1 g5 41. Rh7 a5 42. Ra7 a4 43. Bxa4 Nxa4 44. Rxa4+ Kf3 45. Kd1 Rf1+ 46.
Kd2 Rf2+ 47. Ke1 Rb2 48. Rd4 Rb5 49. Ra4 g4 50. Ra3+ Ke4 51. Kf2 d4 52. Kg3 Rg5
53. Ra8 Ke3 54. Re8+ Kd2 55. Ra8 d3 56. Ra2+ Ke3 57. Ra3 Ke2 58. Kf4 Rg8 59.
Ra4 Re8 60. Kxg4 d2 61. Ra2 Ke1 0-1

[Event "Gibraltar Amateurs B"]
[Site "Gibraltar"]
[Date "2019.01.28"]
[Round "3.4"]
[White "Robson, Paul E"]
[Black "Sharma, Pankaj"]
[Result "0-1"]
[WhiteElo "1861"]
[BlackElo "1809"]
[PlyCount "106"]
[EventDate "2019.01.26"]
[EventType "swiss"]
[EventRounds "5"]
[EventCountry "GGB"]

1. e4 e6 2. Qe2 c5 3. f4 Nc6 4. Nf3 g6 5. d3 Bg7 6. Nbd2 Nge7 7. g3 d6 8. Bg2
O-O 9. O-O Rb8 10. Nc4 b5 11. Ne3 a5 12. Kh1 Ba6 13. f5 exf5 14. exf5 Nxf5 15.
Nxf5 gxf5 16. Nh4 Nd4 17. Qf2 Bb7 18. Nxf5 Nxf5 19. Qxf5 Bxg2+ 20. Kxg2 Qc8 21.
Qxc8 Rbxc8 22. Bf4 Rc6 23. Rae1 b4 24. b3 Ra6 25. Re7 Bf6 26. Rd7 Rd8 27. Rxd8+
Bxd8 28. Re1 Kg7 29. Kf3 Bf6 30. Ke4 Be5 31. Bxe5+ dxe5 32. Kd5 f6 33. Kxc5 Ra8
34. Kb5 Kf7 35. Re4 Ke6 36. Rc4 f5 37. Rc7 e4 38. dxe4 fxe4 39. Kc4 Rd8 40.
Rxh7 e3 41. Rh4 Ke5 42. Rh7 Rd4+ 43. Kc5 Re4 44. Re7+ Kf5 45. Rf7+ Kg4 46. Rf1
e2 47. Re1 Kf3 48. Kb5 Re5+ 49. Ka4 Kf2 50. Rc1 Rd5 51. c4 bxc3 52. b4 e1=Q 53.
Rxe1 Kxe1 0-1

[Event "Gibraltar Amateurs B"]
[Site "Gibraltar"]
[Date "2019.01.28"]
[Round "3.6"]
[White "Bosschem, Eddy"]
[Black "Greco, Joseph"]
[Result "1-0"]
[WhiteElo "1847"]
[BlackElo "1574"]
[PlyCount "85"]
[EventDate "2019.01.26"]
[EventType "swiss"]
[EventRounds "5"]
[EventCountry "GGB"]

1. d4 c5 2. c3 cxd4 3. cxd4 d5 4. Nc3 g6 5. Nf3 Nc6 6. Bf4 Bg7 7. e3 a6 8. Qb3
e6 9. Rc1 f6 10. Be2 Nge7 11. O-O g5 12. Bg3 h5 13. h4 g4 14. Ne1 Nf5 15. Nd3
Nxg3 16. fxg3 f5 17. Nf4 Rb8 18. Na4 Qd6 19. Nb6 Bd7 20. Nxd7 Kxd7 21. Qb6 Bf6
22. Rc3 Bd8 23. Qb3 Bf6 24. Rfc1 Bd8 25. Qa4 Rc8 26. Kh2 Bf6 27. Nd3 Ke7 28.
Nf4 Rhg8 29. Bxa6 Ra8 30. Rxc6 bxc6 31. Rxc6 Qb8 32. Rxe6+ Kd8 33. Rxf6 Qa7 34.
Qc6 Rb8 35. Bb5 Qb7 36. Rd6+ Ke7 37. Rd7+ Qxd7 38. Qxd7+ Kf6 39. Nxh5+ Kg6 40.
Nf4+ Kf6 41. Qe6+ Kg7 42. Qg6+ Kf8 43. Qf6# 1-0

[Event "Gibraltar Amateurs B"]
[Site "Gibraltar"]
[Date "2019.01.28"]
[Round "3.8"]
[White "Lochte, Szilvia"]
[Black "Andersen, Guttorm"]
[Result "1-0"]
[WhiteElo "1868"]
[BlackElo "1801"]
[PlyCount "95"]
[EventDate "2019.01.26"]
[EventType "swiss"]
[EventRounds "5"]
[EventCountry "GGB"]

1. c4 c6 2. g3 Nf6 3. Bg2 d5 4. Nf3 e6 5. O-O Bd6 6. d3 O-O 7. Nc3 Nbd7 8. a3
a5 9. Rb1 Qe7 10. Nd4 Re8 11. cxd5 Nxd5 12. Nxd5 exd5 13. Nf5 Qe6 14. Nxd6 Qxd6
15. Bf4 Qe7 16. Be3 Nc5 17. Rc1 Ne6 18. Bd2 Ng5 19. Qc2 Bd7 20. e3 Bh3 21. f4
Bxg2 22. Kxg2 Ne6 23. a4 f5 24. Rfe1 Nf8 25. Qb3 Kh8 26. Bc3 h6 27. Bd4 Nh7 28.
Qc3 Nf6 29. Qb3 Kh7 30. h3 Qb4 31. Qxb4 axb4 32. b3 Nd7 33. Kf3 Re6 34. e4 Rae8
35. e5 b6 36. Bf2 c5 37. a5 d4 38. Ra1 Ra8 39. axb6 Rxa1 40. Rxa1 Rxb6 41. Ra7
Nf8 42. g4 fxg4+ 43. hxg4 Ne6 44. Ke4 Nd8 45. f5 Kg8 46. Ra8 Kf7 47. Rxd8 Ra6
48. e6+ 1-0

[Event "Gibraltar Amateurs B"]
[Site "Gibraltar"]
[Date "2019.01.28"]
[Round "3.9"]
[White "Poggio, Freddie"]
[Black "Hermes, Geoff R"]
[Result "0-1"]
[WhiteElo "1765"]
[BlackElo "1860"]
[PlyCount "96"]
[EventDate "2019.01.26"]
[EventType "swiss"]
[EventRounds "5"]
[EventCountry "GGB"]

1. Nf3 d6 2. d4 Bg4 3. e3 Nf6 4. c3 Nbd7 5. Nbd2 e5 6. dxe5 Nxe5 7. Qa4+ Qd7 8.
Qxd7+ Nfxd7 9. Be2 Be7 10. O-O O-O 11. Re1 Bf5 12. Nxe5 dxe5 13. Bc4 Nb6 14.
Bb3 Rad8 15. Nf3 Bf6 16. e4 Bg4 17. Be3 Rd3 18. Rad1 Rfd8 19. Rxd3 Rxd3 20. Bc2
Rd7 21. b3 Nc8 22. Nd2 Be6 23. f4 exf4 24. Bxf4 Bxc3 25. Rd1 Bg4 26. Nf3 Rxd1+
27. Bxd1 Nd6 28. h3 Bh5 29. g4 Bg6 30. e5 Nb5 31. a4 Nd4 32. Kf2 Nxf3 33. Kxf3
c6 34. Be2 Bc2 35. Bc4 b5 36. axb5 cxb5 37. Bd5 a5 38. e6 fxe6 39. Bxe6+ Kf8
40. Bd6+ Ke8 41. Ke3 a4 42. bxa4 bxa4 43. h4 Bb3 44. Bxb3 axb3 45. Kd3 b2 46.
Kc2 Kf7 47. g5 Kg6 48. Bc7 Be1 0-1

[Event "Gibraltar Amateurs B"]
[Site "Gibraltar"]
[Date "2019.01.28"]
[Round "3.10"]
[White "Johansson, Daniel 1984"]
[Black "Longdin, Michael"]
[Result "1/2-1/2"]
[WhiteElo "1859"]
[BlackElo "1735"]
[PlyCount "99"]
[EventDate "2019.01.26"]
[EventType "swiss"]
[EventRounds "5"]
[EventCountry "GGB"]

1. e4 c5 2. g3 d5 3. Nc3 d4 4. Nce2 Nc6 5. d3 Bg4 6. h3 Bh5 7. f4 f6 8. Bg2 e5
9. Nf3 Bd6 10. c4 dxc3 11. bxc3 Nge7 12. O-O O-O 13. Qb3+ Kh8 14. Qxb7 Rb8 15.
Qa6 Rb6 16. Qa4 exf4 17. Bxf4 g5 18. Bxd6 Qxd6 19. Qc2 Rd8 20. g4 Bf7 21. Rfd1
h5 22. d4 hxg4 23. hxg4 Bg6 24. Kf2 cxd4 25. cxd4 Nb4 26. Qc5 Bxe4 27. Qxd6
Rbxd6 28. Nxg5 fxg5 29. Bxe4 Rf8+ 30. Kg3 Kg7 31. a3 Nbd5 32. Bxd5 Nxd5 33.
Rac1 Re6 34. Rd2 Re3+ 35. Kg2 Rxa3 36. Rb1 Ne3+ 37. Kg1 Nxg4 38. d5 Rf2 39.
Rbd1 Re3 40. d6 Re8 41. d7 Rd8 42. Rd4 Rxe2 43. Rxg4 Kg6 44. Rd5 a5 45. Rgxg5+
Kf6 46. Rg4 Ke6 47. Rgd4 a4 48. Ra5 Ra2 49. Raxa4 Rxa4 50. Rxa4 1/2-1/2

[Event "Gibraltar Amateurs B"]
[Site "Gibraltar"]
[Date "2019.01.28"]
[Round "3.11"]
[White "Oueld El Hachemi, Abdelhaq"]
[Black "Marcos Herrero, Francisco"]
[Result "0-1"]
[WhiteElo "1747"]
[BlackElo "1855"]
[PlyCount "102"]
[EventDate "2019.01.26"]
[EventType "swiss"]
[EventRounds "5"]
[EventCountry "GGB"]

1. d4 Nf6 2. Nf3 c5 3. e3 g6 4. Nc3 Bg7 5. Be2 b6 6. d5 e6 7. e4 exd5 8. e5 Ne4
9. Qxd5 Nxc3 10. Qxa8 Nxe2 11. Qxb8 Nxc1 12. Rxc1 O-O 13. O-O f6 14. Rfe1 fxe5
15. Rcd1 d5 16. Qa8 e4 17. Nd2 Qg5 18. f4 Bd4+ 19. Kh1 Qh5 20. f5 Be6 21. Qc6
Qxf5 22. Rf1 Qe5 23. Rxf8+ Kxf8 24. c3 Bf2 25. Rf1 e3 26. Nf3 Qf5 27. Qd6+ Kg7
28. Qe7+ Kh6 29. h4 Qf7 30. Qg5+ Kg7 31. h5 h6 32. Qe5+ Qf6 33. Qxf6+ Kxf6 34.
hxg6 Bg4 35. Ng1 d4 36. cxd4 cxd4 37. Nh3 Bxh3 38. gxh3 Kxg6 39. Kg2 e2 40.
Kxf2 exf1=Q+ 41. Kxf1 Kf5 42. Kf2 Ke4 43. Ke2 d3+ 44. Kd2 Kd4 45. h4 h5 46. b3
b5 47. a3 a5 48. Kc1 Kc3 49. b4 axb4 50. axb4 Kxb4 51. Kd2 Kc4 0-1

[Event "Gibraltar Amateurs B"]
[Site "Gibraltar"]
[Date "2019.01.28"]
[Round "3.12"]
[White "Escanciano Reyero, Daniel"]
[Black "Sahil, Dhawan"]
[Result "0-1"]
[WhiteElo "1732"]
[BlackElo "1843"]
[PlyCount "90"]
[EventDate "2019.01.26"]
[EventType "swiss"]
[EventRounds "5"]
[EventCountry "GGB"]

1. d4 Nf6 2. c4 e6 3. g3 d5 4. Bg2 Be7 5. Nc3 O-O 6. Qb3 c6 7. Nf3 Nbd7 8. cxd5
exd5 9. O-O Re8 10. a4 a5 11. Qc2 Bd6 12. Nd2 Qb6 13. e3 Nf8 14. b3 g6 15. Ba3
Bxa3 16. Rxa3 Bf5 17. Qb2 h5 18. Nf3 Re7 19. Raa1 Ne6 20. Rfd1 Nc7 21. h3 Na6
22. Nh4 Bd7 23. Ne2 Ne4 24. Rab1 g5 25. Bxe4 dxe4 26. Ng2 Bxh3 27. d5 c5 28. d6
Re6 29. Nc3 Nb4 30. Nb5 Rd8 31. Ne1 Qc6 32. Rbc1 Nd3 33. Qa3 Nxc1 34. Rxc1 b6
35. Nd4 Qxd6 36. Nxe6 Qxe6 37. Qb2 f6 38. Qe2 Bg4 39. Qc2 Kg7 40. Ng2 Bf3 41.
Kh2 Qd6 42. Qc4 h4 43. Qa6 hxg3+ 44. fxg3 Rh8+ 45. Kg1 Bxg2 0-1

[Event "Gibraltar Amateurs B"]
[Site "Gibraltar"]
[Date "2019.01.28"]
[Round "3.13"]
[White "Mahi, Amit Doshi"]
[Black "Manukonda, Arun"]
[Result "0-1"]
[WhiteElo "1469"]
[BlackElo "1814"]
[PlyCount "66"]
[EventDate "2019.01.26"]
[EventType "swiss"]
[EventRounds "5"]
[EventCountry "GGB"]

1. d4 c5 2. d5 e5 3. c4 d6 4. Nc3 g6 5. Nf3 Bg7 6. g3 f5 7. Qc2 Nf6 8. Bg2 O-O
9. O-O a6 10. a3 e4 11. Ne1 Ng4 12. Bh3 h5 13. Ng2 Ne5 14. Nf4 Qf6 15. Na4 b5
16. Nb6 Ra7 17. Nxc8 Rxc8 18. cxb5 axb5 19. Ne6 Bh8 20. Bd2 Nbd7 21. Qb3 Qf7
22. Bc3 Rb8 23. Rfd1 Nf8 24. Nxf8 Qxf8 25. Bxe5 Bxe5 26. e3 h4 27. Bf1 hxg3 28.
hxg3 c4 29. Qc2 Rh7 30. Bxc4 Qh6 31. Kf1 Qh1+ 32. Ke2 Qf3+ 33. Kd2 bxc4 0-1

[Event "Gibraltar Amateurs B"]
[Site "Gibraltar"]
[Date "2019.01.28"]
[Round "3.14"]
[White "Gonzalez Pabollet, Jesus Maria S"]
[Black "Kuenitz, Klaus"]
[Result "1/2-1/2"]
[WhiteElo "1875"]
[BlackElo "1723"]
[PlyCount "89"]
[EventDate "2019.01.26"]
[EventType "swiss"]
[EventRounds "5"]
[EventCountry "GGB"]

1. e4 e6 2. g3 d5 3. Bg2 dxe4 4. Bxe4 Nf6 5. Bg2 Nbd7 6. d4 c5 7. Ne2 Be7 8.
O-O O-O 9. Nd2 cxd4 10. Nxd4 Nc5 11. N4b3 Qc7 12. Nxc5 Bxc5 13. Nb3 Rd8 14. Qe2
Be7 15. Bf4 Bd6 16. Bxd6 Rxd6 17. c4 Rd8 18. Rad1 Bd7 19. Rfe1 Bc6 20. Nd4 Bxg2
21. Kxg2 a6 22. b3 g6 23. Qf3 Nh5 24. Qe3 Ng7 25. Qg5 Qb6 26. Qe5 f6 27. Qxf6
Rf8 28. Qe5 Rf7 29. c5 Qa5 30. Nxe6 Qxa2 31. Re2 Qxb3 32. Nxg7 Qxd1 33. Ne8 Qd8
34. Nd6 Rf8 35. Qd5+ Kh8 36. Nf7+ Rxf7 37. Qxf7 Qf8 38. Qxb7 Rb8 39. Qxa6 Qxc5
40. Qf6+ Kg8 41. Qe6+ Kg7 42. Qd7+ Kh6 43. Qh3+ Kg7 44. Qd7+ Kh6 45. Re7
1/2-1/2

[Event "Gibraltar Amateurs B"]
[Site "Gibraltar"]
[Date "2019.01.28"]
[Round "3.15"]
[White "Butusina, Samuel"]
[Black "Bryant, Richard B E"]
[Result "0-1"]
[WhiteElo "1688"]
[BlackElo "1862"]
[PlyCount "76"]
[EventDate "2019.01.26"]
[EventType "swiss"]
[EventRounds "5"]
[EventCountry "GGB"]

1. c4 e5 2. g3 Nc6 3. Bg2 f5 4. e3 d6 5. Nc3 Nce7 6. Nge2 Nf6 7. d4 e4 8. h4 d5
9. c5 Nc6 10. a3 a5 11. Rb1 Be6 12. Nf4 Bf7 13. b4 axb4 14. axb4 Qd7 15. Qb3 g6
16. Bf1 Bh6 17. b5 Ne7 18. c6 bxc6 19. bxc6 Qd8 20. Qb7 O-O 21. Nb5 Rb8 22. Qa6
Rb6 23. Qa4 Nxc6 24. Ba3 Qa8 25. Qc2 Qa5+ 26. Qd2 Ra8 27. Rc1 Bxf4 28. gxf4 Be8
29. Rc5 Nxd4 30. Nxd4 Qxa3 31. Rc1 Rb2 32. Nc2 Qb3 33. Nd4 Qb6 34. Qc3 Raa2 35.
Be2 c5 36. Qxc5 Qxc5 37. Rxc5 Rb1+ 38. Bd1 Raa1 0-1

[Event "Gibraltar Amateurs B"]
[Site "Gibraltar"]
[Date "2019.01.28"]
[Round "3.16"]
[White "Fong, Mi Yen"]
[Black "Garcia-Blazquez Perez, Manuel"]
[Result "0-1"]
[WhiteElo "1687"]
[BlackElo "1849"]
[PlyCount "126"]
[EventDate "2019.01.26"]
[EventType "swiss"]
[EventRounds "5"]
[EventCountry "GGB"]

1. e4 c5 2. Nf3 Nc6 3. d4 cxd4 4. Nxd4 g6 5. c4 Bg7 6. Be3 Nf6 7. Nc3 Ng4 8.
Qxg4 Nxd4 9. Qd1 e5 10. Bd3 d6 11. Qd2 O-O 12. Ne2 Be6 13. Rc1 Rc8 14. O-O f5
15. Nxd4 exd4 16. Bg5 Qb6 17. b3 Qc6 18. Rfe1 Rce8 19. Rcd1 fxe4 20. Bxe4 d5
21. cxd5 Bxd5 22. Rc1 Qd7 23. Bxd5+ Qxd5 24. Bh6 Bxh6 25. Qxh6 Qa5 26. Rxe8
Rxe8 27. h3 d3 28. Kh2 d2 29. Rd1 Rd8 30. Qf4 Kg7 31. b4 Qd5 32. a3 a6 33. Qc7+
Rd7 34. Qc3+ Kg8 35. Qc8+ Rd8 36. Qc3 Qd6+ 37. Qg3 Qd4 38. Qe3 Qd5 39. Qc3 Kf7
40. Qc7+ Rd7 41. Qf4+ Ke6 42. Qe3+ Qe5+ 43. Kg1 Qxe3 44. fxe3 Rd3 45. Kf2 Rxa3
46. Rxd2 Ra4 47. Rd4 h5 48. Kf3 Ke5 49. Rc4 b6 50. Re4+ Kf5 51. g4+ hxg4+ 52.
Rxg4 g5 53. Rd4 Ke6 54. Kg4 a5 55. Kxg5 Rxb4 56. Rd8 a4 57. h4 a3 58. h5 a2 59.
Ra8 Rb5+ 60. Kg6 Ra5 61. Re8+ Kd7 62. Rf8 a1=Q 63. h6 Qg1+ 0-1

[Event "Gibraltar Amateurs B"]
[Site "Gibraltar"]
[Date "2019.01.28"]
[Round "3.17"]
[White "Carr, Jay"]
[Black "Moreno Guerrero, Idelfonso"]
[Result "1-0"]
[WhiteElo "1842"]
[BlackElo "1651"]
[PlyCount "59"]
[EventDate "2019.01.26"]
[EventType "swiss"]
[EventRounds "5"]
[EventCountry "GGB"]

1. c4 Nf6 2. g3 g6 3. Bg2 Bg7 4. Nc3 c6 5. e4 d6 6. Nge2 O-O 7. O-O Bg4 8. h3
Bd7 9. d3 Na6 10. Be3 Nc7 11. Qd2 Qc8 12. Kh2 Rd8 13. Rac1 a6 14. Na4 Ne6 15.
Nb6 Qc7 16. Nxa8 Rxa8 17. f4 Rd8 18. g4 h5 19. g5 Ne8 20. Kh1 c5 21. f5 Nd4 22.
fxg6 fxg6 23. Nf4 Kh7 24. Nd5 Qb8 25. Nxe7 Nc7 26. Qf2 Rf8 27. Qh4 Nce6 28. e5
Bxe5 29. Be4 Bc6 30. Qxh5+ 1-0

[Event "Gibraltar Amateurs B"]
[Site "Gibraltar"]
[Date "2019.01.28"]
[Round "3.18"]
[White "Thjomoe, Hans Richard"]
[Black "Muelas Delgado, Ricardo"]
[Result "0-1"]
[WhiteElo "1836"]
[BlackElo "1626"]
[PlyCount "88"]
[EventDate "2019.01.26"]
[EventType "swiss"]
[EventRounds "5"]
[EventCountry "GGB"]

1. e4 c5 2. Nc3 a6 3. d4 cxd4 4. Qxd4 Nc6 5. Qd1 e6 6. Nf3 Bb4 7. Bd3 Qc7 8.
Bd2 Nf6 9. O-O O-O 10. Qe2 d6 11. a3 Bc5 12. b4 Nd4 13. Qd1 Nxf3+ 14. gxf3 Bd4
15. Qe1 Nh5 16. Rc1 e5 17. Kh1 Be6 18. Ne2 Bb2 19. Rb1 Bxa3 20. Rg1 a5 21. Rg5
g6 22. Qg1 Nf4 23. Bxf4 exf4 24. Nxf4 Bc4 25. Bxc4 Qxc4 26. Nxg6 fxg6 27. Rxg6+
Kh8 28. Qg5 Qf7 29. Rxd6 Qxf3+ 30. Qg2 Qxf2 31. Rd7 Qxg2+ 32. Kxg2 Bxb4 33. c3
Bxc3 34. Rbxb7 Rg8+ 35. Kf3 Rg7 36. Ke3 Rxd7 37. Rxd7 a4 38. Kd3 Be5 39. Kc2 a3
40. Rd5 Bxh2 41. Kb1 a2+ 42. Ka1 Bf4 43. e5 Re8 44. Kxa2 Bxe5 0-1

[Event "Gibraltar Amateurs B"]
[Site "Gibraltar"]
[Date "2019.01.28"]
[Round "3.19"]
[White "Izzard, Brian J"]
[Black "Olaizola, Miguel"]
[Result "0-1"]
[WhiteElo "1670"]
[BlackElo "1831"]
[PlyCount "94"]
[EventDate "2019.01.26"]
[EventType "swiss"]
[EventRounds "5"]
[EventCountry "GGB"]

1. d4 e6 2. Nc3 d5 3. Nf3 Nf6 4. Bg5 Be7 5. e3 h6 6. Bf4 O-O 7. Be2 Bd7 8. O-O
c5 9. Qd2 Nh5 10. Bg3 cxd4 11. exd4 Nxg3 12. fxg3 Nc6 13. Nd1 Bf6 14. c3 Qa5
15. b4 Qc7 16. Nb2 Rac8 17. c4 dxc4 18. Nxc4 b5 19. Ne3 Qd6 20. Ng4 Be7 21. a3
a6 22. Rad1 Rc7 23. Kh1 Rfc8 24. Nxh6+ gxh6 25. Qxh6 e5 26. Qh5 Qg6 27. Qxg6+
fxg6 28. dxe5 Be6 29. Bd3 Kg7 30. Be4 Rd8 31. Rc1 Bc4 32. Rfe1 a5 33. bxa5 Nxa5
34. e6 Nb3 35. Rc2 Nd4 36. Rc3 Nxf3 37. gxf3 Bf6 38. Rc2 Re7 39. Bc6 Bxe6 40.
Bxb5 Bd5 41. Rf1 Re3 42. Kg2 Rxa3 43. Be2 Re8 44. Rc7+ Kh6 45. h4 Rxe2+ 46. Kh3
Be6+ 47. g4 Be5 0-1

[Event "Gibraltar Amateurs B"]
[Site "Gibraltar"]
[Date "2019.01.28"]
[Round "3.20"]
[White "Dennis, Nigel W"]
[Black "Sagar, Siya"]
[Result "0-1"]
[WhiteElo "1805"]
[BlackElo "1616"]
[PlyCount "120"]
[EventDate "2019.01.26"]
[EventType "swiss"]
[EventRounds "5"]
[EventCountry "GGB"]

1. e4 e5 2. Nf3 Nc6 3. Bb5 a6 4. Ba4 Nf6 5. O-O Be7 6. Re1 b5 7. Bb3 d6 8. c3
O-O 9. h3 Bb7 10. d4 Nd7 11. Nbd2 Bf6 12. Nf1 Na5 13. Bc2 c5 14. Ng3 g6 15. Bh6
Bg7 16. Bxg7 Kxg7 17. b3 Rc8 18. Rc1 Re8 19. Bb1 cxd4 20. cxd4 Rxc1 21. Qxc1
Qb6 22. dxe5 dxe5 23. Qb2 Nc6 24. a3 Nf6 25. b4 a5 26. Ba2 axb4 27. axb4 Qd8
28. Rc1 Nd4 29. Nxd4 exd4 30. Rd1 Nxe4 31. Nxe4 Rxe4 32. Bb1 Re8 33. Kf1 Be4
34. Rxd4 Qf6 35. Bxe4 Rxe4 36. Rd2 Qxb2 37. Rxb2 Kf6 38. f3 Rd4 39. Ke2 Ke5 40.
Ke3 Kd5 41. Rb1 f5 42. g3 g5 43. f4 gxf4+ 44. gxf4 Re4+ 45. Kf3 Kc4 46. h4 Kc3
47. h5 Kc2 48. Rg1 Rxb4 49. Rg7 Rc4 50. Rxh7 b4 51. Rb7 Rc3+ 52. Ke2 b3 53. h6
b2 54. h7 Rc8 55. Ke3 b1=Q 56. Rc7+ Rxc7 57. h8=Q Qe1+ 58. Kf3 Rc3+ 59. Kg2
Qg3+ 60. Kf1 Rf3+ 0-1

[Event "Gibraltar Amateurs B"]
[Site "Gibraltar"]
[Date "2019.01.28"]
[Round "3.21"]
[White "Anjali, R. Sagar"]
[Black "Kumar, Deepak"]
[Result "1-0"]
[WhiteElo "1787"]
[BlackElo "1590"]
[PlyCount "82"]
[EventDate "2019.01.26"]
[EventType "swiss"]
[EventRounds "5"]
[EventCountry "GGB"]

1. e4 c5 2. Nf3 Nc6 3. d4 cxd4 4. Nxd4 e5 5. Nb5 d6 6. N1c3 a6 7. Na3 Be6 8.
Bc4 Nf6 9. Bg5 Be7 10. Bxf6 Bxf6 11. Bd5 Bxd5 12. Nxd5 O-O 13. c3 Rc8 14. Nc4
Kh8 15. Nce3 Ne7 16. Qb3 Nxd5 17. Nxd5 b5 18. a4 Rb8 19. axb5 Rxb5 20. Qc2 a5
21. c4 Rc5 22. O-O g6 23. Ra4 Kg7 24. h3 Qb8 25. Rfa1 Qd8 26. Nxf6 Kxf6 27. b3
Qc7 28. Qc3 Rb8 29. Rd1 Qb6 30. Rd3 Ke6 31. Kf1 Qc7 32. Ke2 h5 33. Kd2 Ra8 34.
Kc2 Ke7 35. Qd2 Kf6 36. Rxd6+ Kg7 37. Rd5 Qc6 38. Qc3 f6 39. Qd2 Ra7 40. Qe3
Rxd5 41. Qxa7+ Qd7 1-0

[Event "Gibraltar Amateurs B"]
[Site "Gibraltar"]
[Date "2019.01.28"]
[Round "3.22"]
[White "Gillis Glastone, Philippe"]
[Black "Bizcocho Mellado, Gregorio"]
[Result "1-0"]
[WhiteElo "1658"]
[BlackElo "1771"]
[PlyCount "35"]
[EventDate "2019.01.26"]
[EventType "swiss"]
[EventRounds "5"]
[EventCountry "GGB"]

1. d4 Nf6 2. Bf4 g6 3. Nc3 Bg7 4. e4 d6 5. Qd2 O-O 6. O-O-O Nbd7 7. Nf3 c5 8.
Bh6 a6 9. h4 b5 10. h5 Ng4 11. Bxg7 Kxg7 12. hxg6 hxg6 13. Nh4 Rh8 14. Nf5+ Kg8
15. Rxh8+ Kxh8 16. Nh6 Nxh6 17. Qxh6+ Kg8 18. Bc4 1-0

[Event "Gibraltar Amateurs B"]
[Site "Gibraltar"]
[Date "2019.01.28"]
[Round "3.23"]
[White "Lopez Valcarcel, Juan"]
[Black "Kearsley, Raymond J"]
[Result "1/2-1/2"]
[WhiteElo "1761"]
[BlackElo "1537"]
[PlyCount "101"]
[EventDate "2019.01.26"]
[EventType "swiss"]
[EventRounds "5"]
[EventCountry "GGB"]

1. e4 c5 2. Nf3 g6 3. d4 cxd4 4. Nxd4 Nc6 5. Be3 Bg7 6. c3 Nf6 7. f3 O-O 8. Bc4
d5 9. exd5 Nxd5 10. Bf2 e5 11. Nxc6 bxc6 12. O-O Rb8 13. Bb3 a5 14. a4 Be6 15.
Nd2 Qg5 16. Ne4 Qh6 17. Bxd5 cxd5 18. Nc5 Rxb2 19. Qc1 Rfb8 20. Be3 Qh5 21. Rf2
Rxf2 22. Bxf2 Qf5 23. Na6 Rc8 24. Qd2 d4 25. cxd4 exd4 26. Rc1 Rxc1+ 27. Qxc1
d3 28. Be3 Qe5 29. Nc5 Bc4 30. Ne4 Ba6 31. Qc6 f5 32. Qa8+ Bf8 33. Bh6 Qa1+ 34.
Kf2 Qd4+ 35. Be3 Qb2+ 36. Nd2 Qb7 37. Qd8 Qe7 38. Qd5+ Qf7 39. Qxa5 Qe6 40. f4
h5 41. Qe5 Kf7 42. Bd4 Qxe5 43. Bxe5 Bc5+ 44. Ke1 Ke6 45. Nb3 Bb4+ 46. Kd1 Kd5
47. Nd2 Ba5 48. Kc1 Kc5 49. Nb3+ Kb4 50. Nxa5 Kxa5 51. Kd2 1/2-1/2

[Event "Gibraltar Amateurs B"]
[Site "Gibraltar"]
[Date "2019.01.28"]
[Round "3.24"]
[White "Krause, Marianne"]
[Black "Salas Martin, Javier"]
[Result "0-1"]
[WhiteElo "1637"]
[BlackElo "1749"]
[PlyCount "62"]
[EventDate "2019.01.26"]
[EventType "swiss"]
[EventRounds "5"]
[EventCountry "GGB"]

1. d4 d6 2. Nf3 Nf6 3. e3 g6 4. Nbd2 Bg7 5. c4 O-O 6. Be2 b6 7. b3 Bb7 8. Bb2
Nbd7 9. Qc2 a5 10. h4 a4 11. O-O e6 12. e4 Nh5 13. g3 Qe7 14. Kh2 Rfe8 15. Rfe1
e5 16. d5 axb3 17. axb3 Nhf6 18. Bf1 Bh6 19. Bc3 Qf8 20. Bh3 Rxa1 21. Rxa1 Ra8
22. Qb2 Nc5 23. Qb1 Rxa1 24. Bxa1 Qa8 25. Bb2 Bc8 26. Bxc8 Qxc8 27. Kg2 Qg4 28.
Ng5 Qe2 29. b4 Nd3 30. Bc3 Qxf2+ 31. Kh3 Ne1 0-1

[Event "Gibraltar Amateurs B"]
[Site "Gibraltar"]
[Date "2019.01.28"]
[Round "3.25"]
[White "Towers, Brian"]
[Black "Dhanwani, Aditya"]
[Result "1-0"]
[WhiteElo "1710"]
[BlackElo "1497"]
[PlyCount "71"]
[EventDate "2019.01.26"]
[EventType "swiss"]
[EventRounds "5"]
[EventCountry "GGB"]

1. d4 e6 2. Nf3 d5 3. Bf4 c5 4. c3 Qb6 5. Qb3 c4 6. Qc2 Nf6 7. Nbd2 Nc6 8. e3
Be7 9. b3 cxb3 10. axb3 h6 11. h3 O-O 12. Bd3 Bd7 13. O-O Rfc8 14. Qa2 a6 15.
Rfc1 Na7 16. e4 dxe4 17. Nxe4 Nd5 18. Bd2 f5 19. Ng3 g5 20. Ne5 Be8 21. b4 Nc6
22. Nxf5 Nxe5 23. Nxe7+ Nxe7 24. dxe5 Rd8 25. Be3 Qc6 26. Qc2 Nd5 27. Bd4 Nxb4
28. Bh7+ Kg7 29. Qb1 Nd5 30. Be4 Qb5 31. Qa2 Nf4 32. Rc2 Bf7 33. Rb1 Ne2+ 34.
Rxe2 Rxd4 35. Rxb5 axb5 36. Qxa8 1-0

[Event "Gibraltar Amateurs B"]
[Site "Gibraltar"]
[Date "2019.01.28"]
[Round "3.26"]
[White "D`haluin, Wim"]
[Black "Cordero Infante, Ivan"]
[Result "0-1"]
[WhiteElo "1702"]
[BlackElo "1417"]
[PlyCount "82"]
[EventDate "2019.01.26"]
[EventType "swiss"]
[EventRounds "5"]
[EventCountry "GGB"]

1. d4 d6 2. Nf3 g6 3. Bf4 Bg7 4. e3 Nf6 5. h3 O-O 6. Nbd2 Nbd7 7. Bc4 c5 8. c3
a6 9. dxc5 Nxc5 10. O-O b5 11. Be2 Bb7 12. Bh2 Qd7 13. Nd4 Rac8 14. Bf3 Nd3 15.
Qc2 Nb4 16. Qb3 Nc6 17. Rac1 Ne5 18. Bxb7 Qxb7 19. c4 b4 20. a3 a5 21. axb4
axb4 22. Ra1 Nfd7 23. Bxe5 Nc5 24. Qd1 Bxe5 25. b3 Ra8 26. Qc2 Ra6 27. Rxa6
Qxa6 28. Nb5 Qb7 29. Nf3 Bg7 30. Nfd4 Ra8 31. Rb1 Rc8 32. Ra1 Ra8 33. Rb1 h6
34. Qd2 Kh7 35. Qxb4 Ra2 36. f3 Qb8 37. Nc6 Qb7 38. Nd8 Qc8 39. Nxf7 Qf5 40.
Nc3 Qc2 41. Nxa2 Qxb1+ 0-1

[Event "Gibraltar Amateurs B"]
[Site "Gibraltar"]
[Date "2019.01.28"]
[Round "3.27"]
[White "Harbinson, Alec Ryan"]
[Black "Whitworth, John"]
[Result "0-1"]
[WhiteElo "1054"]
[BlackElo "1690"]
[PlyCount "96"]
[EventDate "2019.01.26"]
[EventType "swiss"]
[EventRounds "5"]
[EventCountry "GGB"]

1. e4 e5 2. Nf3 Nc6 3. Bc4 Bc5 4. d3 Nf6 5. h3 d6 6. Nc3 Be6 7. Nd5 h6 8. a3 a5
9. Be3 Bxe3 10. fxe3 Ne7 11. Nxf6+ gxf6 12. Nd2 d5 13. exd5 Bxd5 14. Bxd5 Qxd5
15. Qf3 O-O-O 16. Qxd5 Nxd5 17. Ke2 Rhg8 18. Rhg1 Rg3 19. Nf3 Rdg8 20. Kf2 Kd7
21. c4 Ne7 22. e4 c5 23. Rab1 Nc6 24. Rbd1 Nd4 25. Nxd4 cxd4 26. Rd2 h5 27. b3
h4 28. a4 Ke6 29. Kf1 f5 30. exf5+ Kxf5 31. Rh1 Ke6 32. Kg1 f5 33. Kh2 f4 34.
Rf1 Re3 35. Rf3 Rg3 36. Rxe3 Rxe3 37. b4 axb4 38. Rb2 Rxd3 39. Rxb4 Rc3 40. Kg1
Kf5 41. a5 Ke4 42. Rxb7 Rxc4 43. Rb5 Ra4 44. Kf2 Ra2+ 45. Kg1 d3 46. Kf1 Kd4
47. Rb4+ Ke3 48. Rb5 Ra1+ 0-1